[Event "RUS-Cup 300 years"]
[Site "St Petersburg"]
[Date "2003.10.25"]
[Round "8"]
[White "Rusov, Valery"]
[Black "Sinkevich, Petr"]
[Result "1/2-1/2"]
[WhiteElo "2205"]
[BlackElo "2323"]
[PlyCount "129"]
[EventDate "2003.10.18"]
[EventType "swiss"]
[EventRounds "9"]
[EventCountry "RUS"]
[SourceTitle "EXT 2004"]
[Source "ChessBase"]
[SourceDate "2003.11.25"]
[SourceVersion "1"]
[SourceVersionDate "2003.11.25"]
[SourceQuality "1"]

1. e4 e5 2. Nf3 Nc6 3. Bb5 Nf6 4. Nc3 Nd4 5. Nxd4 exd4 6. e5 dxc3 7. exf6 Qxf6 8. dxc3 Bc5 9. 0-0 0-0 10. Bd3 d6 11. Qh5 h6 12. Bd2 Bd7 13. Rae1 Rae8 14. Re4 Rxe4 15. Bxe4 Re8 16. Qf3 Qxf3 17. Bxf3 Bf5 18. Re1 Rxe1+ 19. Bxe1 c6 20. Bd1 d5 21. Kf1 Kf8 22. f3 Ke7 23. Bf2 Bxf2 24. Kxf2 g5 25. Ke3 Kd6 26. Kd2 Ke5 27. Be2 Be6 28. a3 f5 29. Ke3 Bd7 30. g3 f4+ 31. gxf4+ gxf4+ 32. Kd2 Be6 33. Bf1 Kf6 34. Be2 c5 35. Bf1 c4 36. Kd1 Bf5 37. Kd2 b5 38. Kd1 a6 39. Kd2 Kg5 40. Kd1 Kh4 41. Kd2 Bh3 42. Ke1 Bf5 43. Kd2 Kg5 44. Bg2 Kf6 45. Bf1 Ke5 46. Bg2 Kd6 47. Bf1 Kc5 48. Be2 Bh3 49. Bd1 a5 50. Ke2 Bd7 51. Kd2 Bc6 52. Be2 b4 53. axb4+ axb4 54. cxb4+ Kxb4 55. Bd1 d4 56. c3+ dxc3+ 57. bxc3+ Ka3 58. Kc1 Ka2 59. Kd2 Kb2 60. Be2 Bd5 61. Bd1 Bc6 62. Be2 Kb3 63. Bd1+ Ka3 64. Be2 Kb3 65. Bd1+ 1/2-1/2

[Event "St Petersburg-chT "]
[Site "St Petersburg"]
[Date "2003.??.??"]
[Round "5"]
[White "Sinkevich, Petr"]
[Black "Sokolov, Anatoly V"]
[Result "1-0"]
[WhiteElo "2345"]
[BlackElo "2142"]
[PlyCount "73"]
[EventDate "2003.??.??"]
[EventType "team"]
[EventRounds "9"]
[EventCountry "RUS"]
[SourceTitle "EXT 2005"]
[Source "ChessBase"]
[SourceDate "2004.11.15"]
[SourceVersion "1"]
[SourceVersionDate "2004.11.15"]
[SourceQuality "1"]

1. e4 c5 2. Nf3 Nc6 3. d4 cxd4 4. Nxd4 e5 5. Nb5 d6 6. c4 f5 7. exf5 Bxf5 8. Bd3 Bxd3 9. Qxd3 Be7 10. 0-0 Nf6 11. Rd1 0-0 12. N1c3 Nb4 13. Qe2 d5 14. a3 a6 15. axb4 axb5 16. Rxa8 Qxa8 17. cxd5 Bxb4 18. Nxb5 Qa4 19. Be3 b6 20. d6 Nd7 21. Qc4+ Rf7 22. b3 Qa5 23. Qc8+ Nf8 24. d7 Be7 25. Nc3 b5 26. d8Q Bxd8 27. Rxd8 Qa1+ 28. Rd1 Qb2 29. Rb1 Qc2 30. b4 h6 31. h3 Kh7 32. Qc6 Ng6 33. Rc1 Qb2 34. Nd5 Qa2 35. Qxb5 Qb2 36. Qc4 Rd7 37. b5 1-0

[Event "Smith & Williamson YM 12th"]
[Site "Millfield"]
[Date "2002.07.15"]
[Round "7"]
[White "Addison, Bret"]
[Black "Sinkevich, Petr"]
[Result "1/2-1/2"]
[WhiteElo "2219"]
[BlackElo "2337"]
[PlyCount "81"]
[EventDate "2002.07.10"]
[EventType "swiss"]
[EventRounds "9"]
[EventCountry "ENG"]
[SourceTitle "CBM 089 Extra"]
[Source "ChessBase"]
[SourceDate "2002.09.10"]
[SourceVersion "2"]
[SourceVersionDate "2002.09.10"]
[SourceQuality "1"]

1. d4 d5 2. c4 c6 3. Nf3 Nf6 4. Nc3 a6 5. c5 Nbd7 6. Bf4 Nh5 7. e3 g6 8. Bd3 Bg7 9. 0-0 0-0 10. h3 Nxf4 11. exf4 Qc7 12. f5 b6 13. cxb6 Nxb6 14. fxg6 hxg6 15. Re1 c5 16. Rc1 c4 17. Bb1 Qd6 18. Qd2 Qf6 19. Ne5 Kh7 20. Rcd1 Bh6 21. Qe2 Ra7 22. b3 cxb3 23. axb3 Rc7 24. Rd3 Qh4 25. Rf3 f5 26. Qd3 e6 27. Ne2 Nd7 28. Nxd7 Rxd7 29. Nc3 Rd6 30. Na4 Bg7 31. Rd1 Rc6 32. Kh2 Rf7 33. g3 Qd8 34. Qe3 Rb7 35. Qd2 a5 36. Rc3 Rbc7 37. Rdc1 Rxc3 38. Rxc3 Rxc3 39. Qxc3 Ba6 40. Nc5 Qb6 41. Kg2 1/2-1/2

[Event "Chigorin Memorial 08th"]
[Site "St Petersburg"]
[Date "2000.11.02"]
[Round "3"]
[White "Rogovoi, Mark"]
[Black "Sinkevich, Petr"]
[Result "1/2-1/2"]
[WhiteElo "2252"]
[BlackElo "2312"]
[PlyCount "83"]
[EventDate "2000.10.31"]
[EventType "swiss"]
[EventRounds "9"]
[EventCountry "RUS"]
[SourceTitle "EXT 2001"]
[Source "ChessBase"]
[SourceDate "2000.11.22"]
[SourceVersion "1"]
[SourceVersionDate "2000.11.22"]
[SourceQuality "1"]

1. e4 e5 2. Nf3 Nf6 3. Nxe5 d6 4. Nf3 Nxe4 5. d4 d5 6. Bd3 Nc6 7. 0-0 Be7 8. Re1 Bg4 9. c4 Nf6 10. cxd5 Nxd5 11. Nc3 0-0 12. h3 Nxc3 13. bxc3 Bh5 14. Rb1 Rb8 15. d5 Na5 16. Rb5 Bxf3 17. Qxf3 c6 18. dxc6 Nxc6 19. Bf4 Bd6 20. Bxh7+ Kxh7 21. Qd3+ Kg8 22. Bxd6 Rc8 23. Rh5 g6 24. Rd5 Re8 25. Rb1 b6 26. c4 Re6 27. Rd1 Qe8 28. h4 Re1+ 29. Kh2 Rxd1 30. Qxd1 Qe4 31. Bg3 Qxc4 32. h5 Ne7 33. Rd8+ Kh7 34. Rd7 Nf5 35. hxg6+ Kxg6 36. Rxa7 Rh8+ 37. Kg1 Nxg3 38. Qd6+ Kf5 39. Qd7+ Kg6 40. Qd6+ Kf5 41. Qd7+ Kg6 42. Qd6+ 1/2-1/2

[Event "Chigorin Memorial 08th"]
[Site "St Petersburg"]
[Date "2000.11.01"]
[Round "2"]
[White "Sinkevich, Petr"]
[Black "Alekseev, Evgeny V"]
[Result "0-1"]
[WhiteElo "2312"]
[BlackElo "2497"]
[PlyCount "94"]
[EventDate "2000.10.31"]
[EventType "swiss"]
[EventRounds "9"]
[EventCountry "RUS"]
[SourceTitle "EXT 2001"]
[Source "ChessBase"]
[SourceDate "2000.11.22"]
[SourceVersion "1"]
[SourceVersionDate "2000.11.22"]
[SourceQuality "1"]

1. e4 d5 2. exd5 Nf6 3. d4 Nxd5 4. Nf3 g6 5. c4 Nb6 6. h3 Bg7 7. Nc3 0-0 8. Be2 Nc6 9. Be3 e5 10. d5 Ne7 11. g4 f5 12. gxf5 Nxf5 13. Bg5 Qe8 14. Ne4 Nd4 15. Nfd2 Bf5 16. Rc1 Na4 17. Rb1 b6 18. f3 Nc5 19. Rc1 Qf7 20. Be3 Bxe4 21. Nxe4 Nxe4 22. fxe4 Qe7 23. h4 Bf6 24. Bf2 Qb4+ 25. Qd2 Qxd2+ 26. Kxd2 Bg5+ 27. Be3 Bxe3+ 28. Kxe3 Rf4 29. Bd1 Raf8 30. c5 b5 31. d6 c6 32. h5 Rf2 33. hxg6 hxg6 34. Rg1 Kg7 35. Bh5 Kh6 36. Bd1 Rxb2 37. Rh1+ Kg7 38. a4 b4 39. a5 Ra2 40. Rb1 Ra3+ 41. Kd2 Ne6 42. Rxb4 Nxc5 43. Bc2 Rd8 44. Rc1 Rxd6+ 45. Ke2 Rxa5 46. Bb1 Ne6 47. Rb7+ Kf6 0-1

[Event "Pardubice KB op"]
[Site "Pardubice"]
[Date "2000.07.25"]
[Round "5"]
[White "Manik, Mikulas"]
[Black "Sinkevich, Petr"]
[Result "1/2-1/2"]
[WhiteElo "2425"]
[BlackElo "2312"]
[PlyCount "60"]
[EventDate "2000.07.21"]
[EventType "swiss"]
[EventRounds "9"]
[EventCountry "CZE"]
[SourceTitle "EXT 2001"]
[Source "ChessBase"]
[SourceDate "2000.11.22"]
[SourceVersion "1"]
[SourceVersionDate "2000.11.22"]
[SourceQuality "1"]

1. e4 c5 2. Nf3 Nc6 3. d4 cxd4 4. Nxd4 Nf6 5. Nc3 e5 6. Ndb5 d6 7. Bg5 a6 8. Na3 b5 9. Nd5 Be7 10. Bxf6 Bxf6 11. c3 Bg5 12. Nc2 Rb8 13. g3 a5 14. Bg2 Ne7 15. 0-0 Nxd5 16. Qxd5 Be6 17. Qd1 Qb6 18. Qh5 Bh6 19. Bh3 0-0 20. Kg2 Qc6 21. Bxe6 Qxe4+ 22. f3 Qxc2+ 23. Rf2 Qg6 24. Qxg6 hxg6 25. Bd5 Be3 26. Re2 Bg5 27. a3 Rfe8 28. Rd1 Kf8 29. Rd3 Rb6 30. b4 axb4 1/2-1/2

[Event "Pardubice KB op"]
[Site "Pardubice"]
[Date "2000.07.22"]
[Round "2"]
[White "Sinkevich, Petr"]
[Black "Voloshin, Leonid"]
[Result "1/2-1/2"]
[WhiteElo "2312"]
[BlackElo "2455"]
[PlyCount "36"]
[EventDate "2000.07.21"]
[EventType "swiss"]
[EventRounds "9"]
[EventCountry "CZE"]
[SourceTitle "EXT 2001"]
[Source "ChessBase"]
[SourceDate "2000.11.22"]
[SourceVersion "1"]
[SourceVersionDate "2000.11.22"]
[SourceQuality "1"]

1. e4 c5 2. Nf3 e6 3. d4 cxd4 4. Nxd4 a6 5. c4 Nf6 6. Nc3 Qc7 7. Be2 Bb4 8. Qd3 b5 9. cxb5 Bb7 10. Bf3 Nxe4 11. Bxe4 Bxc3+ 12. bxc3 Bxe4 13. Qxe4 Qxc3+ 14. Ke2 Qxa1 15. Qxa8 Qxa2+ 16. Bd2 0-0 17. Qf3 Qc4+ 18. Qd3 axb5 1/2-1/2

[Event "Petrov Memorial op"]
[Site "St Petersburg"]
[Date "2000.02.16"]
[Round "9"]
[White "Lebedev, Vasili"]
[Black "Sinkevich, Petr"]
[Result "0-1"]
[WhiteElo "2225"]
[BlackElo "2293"]
[PlyCount "60"]
[EventDate "2000.02.05"]
[EventType "swiss"]
[EventRounds "9"]
[EventCountry "RUS"]
[SourceTitle "CBM 076"]
[Source "ChessBase"]
[SourceDate "2000.05.31"]
[SourceVersion "1"]
[SourceVersionDate "2000.05.31"]
[SourceQuality "1"]

1. e4 c5 2. Nf3 Nc6 3. Bb5 e6 4. Bxc6 dxc6 5. 0-0 Ne7 6. Nc3 Ng6 7. d3 e5 8. Be3 Bd6 9. a4 a5 10. h3 h6 11. Qd2 Qf6 12. Nh2 0-0 13. Ne2 Nf4 14. Bxf4 exf4 15. c3 Re8 16. Nf3 g5 17. Qc2 Qg6 18. Rfe1 Bc7 19. Rad1 b6 20. b4 axb4 21. cxb4 cxb4 22. Ned4 Bd7 23. Nxc6 Qxc6 24. Qxc6 Bxc6 25. Rc1 Bxe4 26. Rxe4 Rxe4 27. dxe4 Bd6 28. Rc6 Bc5 29. Rxh6 Rxa4 30. Ne5 Ra1+ 0-1

[Event "RUS-Cup"]
[Site "Moscow"]
[Date "2000.??.??"]
[Round "1"]
[White "Sinkevich, Petr"]
[Black "Kalugin, Sergei G"]
[Result "1-0"]
[WhiteElo "2293"]
[BlackElo "2455"]
[PlyCount "87"]
[EventDate "2000.??.??"]
[EventType "swiss"]
[EventRounds "9"]
[EventCountry "RUS"]
[SourceTitle "EXT 2001"]
[Source "ChessBase"]
[SourceDate "2000.11.22"]
[SourceVersion "1"]
[SourceVersionDate "2000.11.22"]
[SourceQuality "1"]

1. e4 c5 2. Nf3 Nc6 3. d4 cxd4 4. Nxd4 Nf6 5. Nc3 d6 6. Be2 e5 7. Nf3 h6 8. 0-0 Be7 9. Re1 0-0 10. Bf1 Bg4 11. h3 Bh5 12. g4 Bg6 13. Bg2 Rc8 14. a3 Re8 15. b3 Na5 16. Bb2 Qb6 17. Nd2 Rc7 18. Na4 Qc6 19. Bc3 Qa6 20. Bxa5 Qxa5 21. c4 b5 22. Nb2 a6 23. Nd3 bxc4 24. bxc4 Qb6 25. Rb1 Qd4 26. Nb4 a5 27. Nc2 Qa7 28. Ne3 Qa8 29. Rb5 Rb8 30. Qa4 Rxb5 31. cxb5 Bd8 32. Nec4 Nd7 33. b6 Rc6 34. Nxa5 Nb8 35. Qb5 Rxb6 36. Qe8+ Kh7 37. Nac4 Bc7 38. Nxb6 Bxb6 39. Nc4 Qa7 40. Nxb6 Qxb6 41. Rc1 Na6 42. Rc8 Qb1+ 43. Kh2 Bxe4 44. Qh8+ 1-0

[Event "St Petersburg White Nights op"]
[Site "St Petersburg"]
[Date "1999.??.??"]
[Round "2"]
[White "Kryschilovskij, Andrej"]
[Black "Sinkevich, Petr"]
[Result "1/2-1/2"]
[WhiteElo "2391"]
[BlackElo "2247"]
[PlyCount "54"]
[EventDate "1999.06.??"]
[EventType "swiss"]
[EventRounds "9"]
[EventCountry "RUS"]
[SourceTitle "EXT 2000"]
[Source "ChessBase"]
[SourceDate "1999.11.16"]
[SourceVersion "1"]
[SourceVersionDate "1999.11.16"]
[SourceQuality "1"]

1. d4 d5 2. c4 c6 3. Nf3 Nf6 4. Nc3 e6 5. e3 Nbd7 6. Qc2 Bd6 7. Be2 0-0 8. 0-0 dxc4 9. Bxc4 b5 10. Bd3 Bb7 11. a3 Rc8 12. h3 a5 13. Ng5 h6 14. Nh7 Nxh7 15. Bxh7+ Kh8 16. Be4 f5 17. Bf3 e5 18. dxe5 Nxe5 19. Be2 b4 20. axb4 axb4 21. Nb1 c5 22. f4 Be4 23. Qd1 Nf7 24. Nd2 Ra8 25. Rxa8 Bxa8 26. Nc4 Qe7 27. b3 Bc7 1/2-1/2

[Event "St Petersburg White Nights op"]
[Site "St Petersburg"]
[Date "1999.??.??"]
[Round "8"]
[White "Sinkevich, Petr"]
[Black "Petrov, A."]
[Result "0-1"]
[WhiteElo "2247"]
[BlackElo "2030"]
[PlyCount "88"]
[EventDate "1999.06.??"]
[EventType "swiss"]
[EventRounds "9"]
[EventCountry "RUS"]
[SourceTitle "EXT 2000"]
[Source "ChessBase"]
[SourceDate "1999.11.16"]
[SourceVersion "1"]
[SourceVersionDate "1999.11.16"]
[SourceQuality "1"]

1. e4 c5 2. Nf3 Nc6 3. d4 cxd4 4. Nxd4 Nf6 5. Nc3 d6 6. Be2 e5 7. Nb3 Be7 8. Bg5 Nxe4 9. Nxe4 Bxg5 10. Nxd6+ Ke7 11. Nxc8+ Rxc8 12. 0-0 Qxd1 13. Rfxd1 f5 14. c3 Rhd8 15. Kf1 e4 16. Rxd8 Rxd8 17. Rd1 Rxd1+ 18. Bxd1 Kd6 19. Ke2 g6 20. Nd4 Nxd4+ 21. cxd4 Bc1 22. Bb3 Bxb2 23. Bg8 Ke7 24. d5 Ba3 25. h3 h6 26. g3 Kf6 27. h4 g5 28. hxg5+ hxg5 29. Bh7 Ke5 30. Bg6 f4 31. gxf4+ gxf4 32. Bf7 a6 33. f3 exf3+ 34. Kxf3 b5 35. Be8 Bd6 36. Bc6 Kd4 37. Bb7 a5 38. Kg4 Kc3 39. Ba6 b4 40. Bb5 Kb2 41. Bc4 a4 42. Kf3 Kc3 43. Bb5 b3 44. axb3 a3 0-1

[Event "St Petersburg White Nights op"]
[Site "St Petersburg"]
[Date "1999.??.??"]
[Round "1"]
[White "Sinkevich, Petr"]
[Black "Rusanov, Michail"]
[Result "1/2-1/2"]
[WhiteElo "2247"]
[BlackElo "2448"]
[PlyCount "100"]
[EventDate "1999.06.??"]
[EventType "swiss"]
[EventRounds "9"]
[EventCountry "RUS"]
[SourceTitle "EXT 2000"]
[Source "ChessBase"]
[SourceDate "1999.11.16"]
[SourceVersion "1"]
[SourceVersionDate "1999.11.16"]
[SourceQuality "1"]

1. e4 e5 2. Nf3 Nf6 3. d4 Nxe4 4. Nxe5 d6 5. Nf3 d5 6. Bd3 Bd6 7. c4 c6 8. 0-0 0-0 9. Nc3 Nxc3 10. bxc3 dxc4 11. Bxc4 Bg4 12. a4 Nd7 13. Qd3 Bh5 14. Ba3 Nb6 15. Bxd6 Qxd6 16. Bb3 c5 17. Rfd1 Rac8 18. Ng5 Qh6 19. Qg3 Bxd1 20. Rxd1 c4 21. Bc2 g6 22. f4 Rcd8 23. Rb1 Rd7 24. f5 Nd5 25. h4 Re7 26. Be4 Nxc3 27. Qxc3 Qxh4 28. Nf3 Qf4 29. Bc2 Re2 30. Bd1 Re3 31. Qxc4 Qxf5 32. Rxb7 h5 33. Bb3 h4 34. Qd5 Qf4 35. Kf2 Rc3 36. Qe5 Qh6 37. Bd5 Rc2+ 38. Kg1 h3 39. Ng5 Rc1+ 40. Kh2 hxg2+ 41. Kxg2 Qh1+ 42. Kg3 Rg1+ 43. Kf2 Rf1+ 44. Kg3 Qg1+ 45. Kh3 Rf5 46. Bxf7+ R5xf7 47. Rxf7 Qh1+ 48. Kg3 Rxf7 49. Qe8+ Rf8 50. Qe6+ Kg7 1/2-1/2

[Event "Chigorin Memorial 06th"]
[Site "St Petersburg"]
[Date "1998.11.07"]
[Round "7"]
[White "Klimov, Sergey"]
[Black "Sinkevich, Petr"]
[Result "1-0"]
[WhiteElo "2370"]
[BlackElo "2230"]
[PlyCount "93"]
[EventDate "1998.10.31"]
[EventType "swiss"]
[EventRounds "9"]
[EventCountry "RUS"]
[SourceTitle "CBM 067 Extra"]
[Source "ChessBase"]
[SourceDate "1999.01.01"]
[SourceVersion "1"]
[SourceVersionDate "1999.01.01"]
[SourceQuality "1"]

1. e4 e5 2. Nf3 Nc6 3. Bb5 a6 4. Ba4 Nf6 5. Qe2 Be7 6. 0-0 b5 7. Bb3 0-0 8. c3 d6 9. Rd1 Nd7 10. d4 Bf6 11. a4 Rb8 12. Be3 Re8 13. d5 Ne7 14. Na3 bxa4 15. Bxa4 Ng6 16. Nc4 Nf4 17. Qc2 Bg5 18. Kh1 Qf6 19. Nxg5 Qxg5 20. f3 Qh5 21. Qf2 Rf8 22. b4 Nf6 23. Rd2 g5 24. Ba7 Rb7 25. Bc6 Rxa7 26. Qxa7 g4 27. Qf2 Kh8 28. Ne3 Rg8 29. fxg4 Bxg4 30. Nxg4 Rxg4 31. Qf3 Qg6 32. Re1 N6h5 33. Bd7 Rh4 34. Kg1 Nf6 35. Qg3 Qh6 36. b5 Nxd7 37. bxa6 Nf6 38. a7 Rg4 39. a8Q+ Kg7 40. Qe3 Qg6 41. Qa2 h5 42. Kh1 h4 43. Rf1 Nxe4 44. Qc2 Nxd2 45. Qxg6+ Rxg6 46. Qxd2 h3 47. g3 1-0

[Event "Chigorin Memorial 06th"]
[Site "St Petersburg"]
[Date "1998.11.04"]
[Round "5"]
[White "Sinkevich, Petr"]
[Black "Belov, Vladimir"]
[Result "1/2-1/2"]
[WhiteElo "2230"]
[BlackElo "2355"]
[PlyCount "62"]
[EventDate "1998.10.31"]
[EventType "swiss"]
[EventRounds "9"]
[EventCountry "RUS"]
[SourceTitle "CBM 067 Extra"]
[Source "ChessBase"]
[SourceDate "1999.01.01"]
[SourceVersion "1"]
[SourceVersionDate "1999.01.01"]
[SourceQuality "1"]

1. e4 c5 2. Nf3 Nc6 3. d4 cxd4 4. Nxd4 Nf6 5. Nc3 e6 6. Ndb5 d6 7. Bf4 e5 8. Bg5 a6 9. Na3 b5 10. Bxf6 gxf6 11. Nd5 Bg7 12. Bd3 Ne7 13. Nxe7 Qxe7 14. 0-0 0-0 15. Qh5 d5 16. Nb1 f5 17. f3 fxe4 18. fxe4 f5 19. Nc3 dxe4 20. Nxe4 Ra7 21. Ng5 h6 22. Nh3 e4 23. Be2 Qc5+ 24. Kh1 Qxc2 25. Rac1 Qxb2 26. Rxc8 Rxc8 27. Qxf5 Rf8 28. Qe6+ Kh8 29. Nf4 Rxf4 30. Rxf4 Qxe2 31. Qc8+ Kh7 1/2-1/2

[Event "Chigorin Memorial 06th"]
[Site "St Petersburg"]
[Date "1998.10.31"]
[Round "1"]
[White "Orlov, Vassily"]
[Black "Sinkevich, Petr"]
[Result "1/2-1/2"]
[WhiteElo "2435"]
[BlackElo "2230"]
[PlyCount "36"]
[EventDate "1998.10.31"]
[EventType "swiss"]
[EventRounds "9"]
[EventCountry "RUS"]
[SourceTitle "CBM 067 Extra"]
[Source "ChessBase"]
[SourceDate "1999.01.01"]
[SourceVersion "1"]
[SourceVersionDate "1999.01.01"]
[SourceQuality "1"]

1. e4 c5 2. Nf3 Nc6 3. d4 cxd4 4. Nxd4 Nf6 5. Nc3 e5 6. Ndb5 d6 7. Bg5 a6 8. Na3 b5 9. Bxf6 gxf6 10. Nd5 f5 11. Bd3 Be6 12. Qh5 Rg8 13. Kf1 h6 14. h3 Rg5 15. Qd1 Rc8 16. c4 fxe4 17. Bxe4 Nd4 18. g3 f5 1/2-1/2

[Event "St Petersburg White Nights op"]
[Site "St Petersburg"]
[Date "1998.06.28"]
[Round "9"]
[White "Boukh, Boris"]
[Black "Sinkevich, Petr"]
[Result "1/2-1/2"]
[WhiteElo "2370"]
[BlackElo "2215"]
[PlyCount "71"]
[EventDate "1998.06.??"]
[EventType "swiss"]
[EventRounds "9"]
[EventCountry "RUS"]
[SourceTitle "EXT 1999"]
[Source "ChessBase"]
[SourceDate "1998.11.16"]
[SourceVersion "1"]
[SourceVersionDate "1998.11.16"]
[SourceQuality "1"]

1. d4 d5 2. c4 c6 3. Nf3 Nf6 4. Qb3 e6 5. Nc3 Nbd7 6. Bg5 h6 7. Bh4 Qa5 8. e3 Ne4 9. Bd3 f5 10. Bxe4 fxe4 11. Nd2 Bd6 12. cxd5 exd5 13. Ndxe4 Bb4 14. Nd2 0-0 15. 0-0 Kh8 16. f4 Nf6 17. Bxf6 Rxf6 18. e4 dxe4 19. Nc4 Bxc3 20. Nxa5 Bxa5 21. Qe3 Bf5 22. h3 Rd8 23. g4 Bb6 24. Rad1 Rfd6 25. gxf5 Rxd4 26. Kg2 Rxd1 27. Rxd1 Rxd1 28. Qxe4 Bd8 29. Qe8+ Kh7 30. Qf7 b6 31. Qg6+ Kh8 32. Qe8+ Kh7 33. Qg6+ Kh8 34. Qxc6 Rd2+ 35. Kf3 Bf6 36. Qe8+ 1/2-1/2

[Event "St Petersburg White Nights op"]
[Site "St Petersburg"]
[Date "1998.06.27"]
[Round "8"]
[White "Sinkevich, Petr"]
[Black "Monin, Nikolay"]
[Result "1/2-1/2"]
[WhiteElo "2215"]
[BlackElo "2400"]
[PlyCount "74"]
[EventDate "1998.06.??"]
[EventType "swiss"]
[EventRounds "9"]
[EventCountry "RUS"]
[SourceTitle "EXT 1999"]
[Source "ChessBase"]
[SourceDate "1998.11.16"]
[SourceVersion "1"]
[SourceVersionDate "1998.11.16"]
[SourceQuality "1"]

1. e4 e6 2. d4 d5 3. Nd2 Nf6 4. e5 Nfd7 5. Bd3 c5 6. c3 Nc6 7. Ne2 cxd4 8. cxd4 f6 9. Nf4 Nxd4 10. Qh5+ Ke7 11. exf6+ Nxf6 12. Ng6+ hxg6 13. Qxh8 Kf7 14. 0-0 e5 15. Nf3 Nxf3+ 16. gxf3 Bf5 17. Bxf5 gxf5 18. Bg5 Bc5 19. Qh3 Qd7 20. Kh1 f4 21. Qh4 Qf5 22. Rad1 d4 23. Rg1 Rd8 24. Bxf6 gxf6 25. Qh6 Ke6 26. Rg7 Be7 27. a3 d3 28. Rxe7+ Kxe7 29. Qg7+ Ke6 30. Qxb7 Rd7 31. Qc8 Kf7 32. Rg1 d2 33. Qg8+ Ke7 34. Rg7+ Kd6 35. Qb8+ Kc6 36. Qc8+ Kd6 37. Qb8+ Kc6 1/2-1/2

[Event "RUS-Cup02"]
[Site "Moscow"]
[Date "1998.??.??"]
[Round "6"]
[White "Ageichenko, Genadi A"]
[Black "Sinkevich, Petr"]
[Result "0-1"]
[WhiteElo "2360"]
[BlackElo "2215"]
[PlyCount "128"]
[EventDate "1998.01.21"]
[EventType "swiss"]
[EventRounds "9"]
[EventCountry "RUS"]
[SourceTitle "EXT 1999"]
[Source "ChessBase"]
[SourceDate "1998.11.16"]
[SourceVersion "1"]
[SourceVersionDate "1998.11.16"]
[SourceQuality "1"]

1. e4 e5 2. Nf3 Nc6 3. Bb5 a6 4. Ba4 Nf6 5. 0-0 Be7 6. Re1 b5 7. Bb3 0-0 8. a4 b4 9. d3 d6 10. Nbd2 Na5 11. Ba2 c5 12. c3 Nc6 13. Nf1 Rb8 14. Ne3 Qc7 15. Bd2 h6 16. Nh4 Kh7 17. Nhf5 Be6 18. Bc4 bxc3 19. bxc3 Qa7 20. a5 Qc7 21. Bxa6 Ra8 22. Bb5 Nxa5 23. c4 Ng8 24. Nd5 Bxd5 25. exd5 g6 26. Nxe7 Nxe7 27. Bc3 Nb7 28. Re2 Nf5 29. Rea2 Rxa2 30. Rxa2 Nd4 31. Qa4 Kg7 32. h3 h5 33. Kh2 h4 34. Qa7 Qb8 35. Bc6 Qxa7 36. Rxa7 Nxc6 37. dxc6 Nd8 38. c7 Ne6 39. Ba5 Rc8 40. Rb7 Kf6 41. Rb8 Rxc7 42. Bxc7 Nxc7 43. Rb6 Ke6 44. Kg1 Ne8 45. g3 Nf6 46. Kf1 hxg3 47. fxg3 e4 48. Rb3 Ke5 49. Ke2 Kd4 50. g4 g5 51. Ra3 Nd7 52. Ra6 exd3+ 53. Kd2 Ne5 54. Rxd6+ Kxc4 55. Rd8 Nf3+ 56. Ke3 Nd4 57. Kd2 Nb3+ 58. Kd1 Kc3 59. Rd7 f6 60. Rd6 c4 61. Rxf6 Nc5 62. h4 gxh4 63. Rh6 Ne4 64. Rxh4 Nf2+ 0-1